Quizzes
Events
Quiz Creation
Community
Videos
Private Events
Remove Ads
Sign In
Join for FREE
Feedback
Dark Mode
Quiz Categories
Sports
Geography
Music
Movies
Television
Just For Fun
Miscellaneous
History
Literature
Language
Science
Gaming
Entertainment
Religion
Holiday
For Kids
Quiz Lab
Recent
Popular Today
Quiz Kudos Today
Editor Picks
Curator Picks
Quizzes by...
Day
Popularity
Type
Ratings
Length
Year
Community
Subscriptions
Recent Discussions
Orange Saloon
Badges
Playlists
Quests
Create
Leaderboards
Showdown
Live 5
Trivia Bingo
Activity
Puzzle Library
Sporcle Events
Private Events
Virtual Trivia
Globe League
Become a Host
Pub Owners
SporcleCon
Opinionation
Our Games
Videos
Blog
Mobile Apps
Partnerships
Remove Ads and Go Orange
Feedback
Music
Pop Music
The Beatles
Song
Album
Lyrics
Bands
Singers
Artist
Clip
Rock
Rap
Classical
Billboard
Country Music
Kpop
Taylor Swift
Music
Pop Music
The Beatles
Song
Album
Lyrics
Bands
Singers
Artist
Clip
Rock
Rap
Classical
Billboard
Country Music
Kpop
Taylor Swift
Random Quiz
Search Sporcle
×
Quiz Lab
Quiz Lab
Music
Song
Type in answers that appear in a list
Type in answers that appear in a list
Classic
Best Score? Go Orange.
Breakup Songs Stats
Can you name the Best Breakup Songs of the 80s according to breakup-songs.com?
By
Maaian
10m
33 Questions
119 Plays
119 Plays
119 Plays
Comments
Comments
Give Quiz Kudos
Give Quiz Kudos
-
- Ratings
hide this ad
Replay
Link that replays current quiz
Next Quiz
Link to next quiz in quiz playlist
You Got
0%
They Got
Avg Score
31%
Avg Friend Score
Upgrade to see
Score Distribution
Jump to the score distribution portion of the page
Score
0/33
Timer
10:00
0
Plays Today
Song
% Correct
Tainted Love
70.3%
Every Breath You Take
65.3%
Total Eclipse of the Heart
57.6%
Don't You Want Me
55.9%
Do You Really Want To Hurt Me
53.4%
Broken Wings
50.8%
Every Rose Has its Thorn
50.8%
Hello
48.3%
With or Without You
45.8%
Don't Dream It's Over
42.4%
Owner of a Lonely Heart
41.5%
Against All Odds (Take a Look at Me Now)
39.8%
Careless Whisper
39.8%
Hold Me Now
37.3%
I Want To Know What Love Is
35.6%
Right Here Waiting
33.9%
Blame It On The Rain
33.1%
Song
% Correct
Love Bites
26.3%
If I Could Turn Back Time
24.6%
Always on My Mind
22.9%
Here Comes The Rain Again
22.9%
Cold Hearted
21.2%
Hard to Say I'm Sorry
18.6%
Didn't We Almost Have It All
14.4%
Crying
13.6%
Hold On to the Nights
12.7%
Endless Summer Nights
11.9%
I Guess That's Why They Call It The Blues
11.9%
Foolish Beat
9.3%
No More Tears
8.5%
Where Do Broken Hearts Go
8.5%
Only the Lonely
6.8%
Don't Want To Lose You
5.9%
Quiz Playlist
Details
Report
Send in Message
Add To Playlist
Classic:
Type in answers that appear in a list
Last Updated: Feb 16, 2017
Quiz Scoreboard
CHALLENGE
Sign Up to Join the Scoreboard
Show All
Scores
Hide
Comments
May contain spoilers
Recently Published
Pick 6: Fruits
by JohnFran
Miscellaneous
15s
Click the 1999 NBA Draft
by nibperrychub
Sports
2m
Alphabetical 'K' Countries by Flag Minefield
by ylime102
Geography
3m
More to Explore
Quiz From the Vault
Featured Blog Post
15 Basketball Trivia Facts You Can Be March Mad About
hide this ad
You Might Also Like...
Tags
Song Quiz
1980s
Today's Top Quizzes in Music
Browse Music
hide this ad
Today's Top Quizzes in Song
Browse Song
Top Contributed Quizzes in Music
1
Taylor Swift All Songs (2024)
2
KPOP LOGIC QUIZ
3
A Taylor Swift Logic Puzzle
4
K-Pop Murder Mystery Logic Quiz
5
Taylor Swift Logic Puzzle
6
Guess the Taylor Swift song (Mystery Song)
7
Guess The Taylor Swift Lyrics Song #1
8
NCT 2020 Logic Puzzle
9
Joni Mitchell—'Car on a Hill' Lyrics
10
kpop group name match up
Explore More
Trending Topics
Anime
Disney
Crossword
Harry Potter
Marvel
Kpop
NBA
WWE
Pokémon
Song
Country
Puzzle
NFL
The Office
Soccer
hide this ad
More By:
Maaian
Quiz
Plays
Rating
Category
Featured
Created
Words Ending in 'mb'
657
4.21
Language
Apr 16, 2010
Countries in Hebrew
385
4.17
Language
Apr 20, 2010
Céline Dion's singles
384
3.50
Music
Mar 30, 2010
Celebrity Perfumes
270
4.50
Miscellaneous
Aug 25, 2010
Breakup Songs
119
3.67
Music
May 15, 2010
Go to Creator's Profile
Score Distribution
Quiz Creator Spotlight
Maaian
Follow
Send a Message
Quizzes Created
-
Created Quiz Play Count
-
More By This Creator
Popular Quizzes Today
1
Find the US States - No Outlines Minefield
2
Countries of Asia Without Outlines Minefield
3
Pick 6: Fruits
4
Alphabetical 'K' Countries by Flag Minefield
5
The Countries of the World
6
Find the US States
7
Match the Book to the Film X
8
US States
More Music Quizzes
(May I Stand) Unshaken - Red Dead Redemption 2 Lyrics
Quiz Lab
Trending Quizzes
Pick 6: Mountains
Pick 6: Harry Potter
Pick 6: NFL Teams
Pick 6: Movie Franchises
Pick 6: Golfers
Recently Updated
NWSL Teams
pecheneg
Women's Final Four Teams by Year
bhenderson79
Presidents Quartet II
eogle
Anything But Clue(do)
eogle
Anything But Oceanian Capitals
eogle
Anything But 7
eogle
Anything But Thing
eogle
Word Ladder: February 29
pecheneg
Song Title Questions
pecheneg
Women's NCAA Tournament #1 Seeds
pecheneg
Trending Topics
Disney
NBA
Kpop
Harry Potter
Anime
Crossword
Marvel
Pokémon
Country
Song
The Office
Soccer
Puzzle
NFL
WWE
Your Account Isn't Verified!
In order to create a playlist on Sporcle, you need to verify the email address you used during registration. Go to your
Sporcle Settings
to finish the process.
Report this User
Report this user for behavior that violates our
Community Guidelines
.
Details:
Send Report
Go to the Sporcle.com Mobile Site →
Comments